000 00368nam a22001577a 4500
003 OSt
005 20240311121157.0
008 171027b xxu||||| |||| 00| 0 eng d
020 _a978-9352994427
040 _cSEROSOFT
100 _aCHERUNILAM, F
245 _aBUSINESS ENVIRONMENT
260 _aNEW DELHI
_bHIMALAYA
_c25/04/2011
300 _a776
942 _2ddc
_c02
999 _c40785
_d40785